000 00298nam a22001337a 4500
008 170504b xxu||||| |||| 00| 0 eng d
020 _a0870847473
041 _aeng
080 _a343.9
100 _a14
101 _ashj
245 _aVIOLENT CRIME AND GUN CONTROL
_cROBIN, G.D
942 _2udc
_cBK
999 _c12657
_d12657